000 00672cam a22002291 4500
001 sa 68017332
003 DLC
005 20260227112702.0
008 850327s1966 io ab b 000 0 ind
010 _asa 68017332
035 _a(OCoLC)23536733
040 _aDLC
_cMiU
_dDLC
042 _apremarc
050 0 0 _aNA200
_b.S9
100 1 _aSumintardja, Djauhari.
245 1 0 _aKompendium sejarah arsitektur,
_coleh Djauhari S.
260 _aBandung,
_bLembaga Penjelidikan Masalah Bangunan
_c[1966]
300 _a147 p.
_billus., maps.
_c32 cm.
500 _aCover title.
504 _aBibliography: p. 2-3.
650 0 _aArchitecture
_xHistory
_xOutlines, syllabi, etc.
999 _c87668
_d87668